| Record ID | marc_records_scriblio_net/part03.dat:45953004:498 |
| Source | Scriblio |
| Download Link | /show-records/marc_records_scriblio_net/part03.dat:45953004:498?format=raw |
LEADER: 00498cam 22001811 4500
001 36000125
003 DLC
005 20040414125834.0
008 780605s1935 iau 000 0 eng
010 $a 36000125
035 $a(OCoLC)3950459
040 $aDLC$cTNJ$dDLC
050 00 $aPS3537.E125$bC7 1935
100 1 $aSeagrave, Sadie Fuller,$db. 1882.
245 10 $aCross my palm,$cby Sadie Fuller Seagrave.
260 $aCedar Rapids, Ia.,$bThe Torch press$c[c1935]
300 $a88 p.$c21 cm.
500 $aPoems.